नैतिकता और काव्य / (Record no. 112538)

MARC details
000 -LEADER
fixed length control field 01066nam a22002657a 4500
005 - DATE AND TIME OF LATEST TRANSACTION
control field 20170124102940.0
010 ## - LIBRARY OF CONGRESS CONTROL NUMBER
LC control number A-224469
020 ## - INTERNATIONAL STANDARD BOOK NUMBER
Terms of availability 60.00
035 ## - SYSTEM CONTROL NUMBER
System control number A-224469
037 ## - SOURCE OF ACQUISITION
Source of stock number/acquisition Cen Lib/Ret
040 ## - CATALOGING SOURCE
Original cataloging agency DPL
Language of cataloging HN
082 ## - DEWEY DECIMAL CLASSIFICATION NUMBER
Classification number 821.08
Item number रस्तोगी
100 ## - MAIN ENTRY--PERSONAL NAME
Personal name रस्तोगी , देवी शरण
9 (RLIN) 45979
245 ## - TITLE STATEMENT
Title नैतिकता और काव्य /
Statement of responsibility, etc देवी शरण रस्तोगी
246 ## - VARYING FORM OF TITLE
Title proper/short title Naitikta or kavya
Remainder of title by Devi Sharan Rastogi
260 ## - PUBLICATION, DISTRIBUTION, ETC. (IMPRINT)
Place of publication, distribution, etc मेरठ
Name of publisher, distributor, etc कल्पना प्रकाशन
Date of publication, distribution, etc 1982
270 ## - ADDRESS
Address मेरठ
City मेरठ
300 ## - PHYSICAL DESCRIPTION
Extent 191पृष्ठ.
Dimensions 20सेमी (सजिल्द)
500 ## - GENERAL NOTE
General note सहायक ग्रन्थ सूची शामिल
650 ## - SUBJECT ADDED ENTRY--TOPICAL TERM
Topical term or geographic name as entry element हिंदी साहित्य
9 (RLIN) 48093
650 ## - SUBJECT ADDED ENTRY--TOPICAL TERM
Topical term or geographic name as entry element नीतिकाव्य -हिंदी
9 (RLIN) 232
650 ## - SUBJECT ADDED ENTRY--TOPICAL TERM
Topical term or geographic name as entry element hindi literature
9 (RLIN) 48094
650 ## - SUBJECT ADDED ENTRY--TOPICAL TERM
Topical term or geographic name as entry element Nitikawy -hindi
9 (RLIN) 48095
942 ## - ADDED ENTRY ELEMENTS (KOHA)
Source of classification or shelving scheme Dewey Decimal Classification
Koha item type Hindi Books
Classification part 821.08
Call number suffix रस्तोगी
Holdings
Withdrawn status Lost status Damaged status Not for loan Home library Current library Date acquired Source of acquisition Cost, normal purchase price Total Checkouts Full call number Barcode Date last seen Copy number Cost, replacement price Price effective from Koha item type
        Central Library Central Library 08/08/2015 Cen Lib/Ret 60.00   821.08 रस्तोगी A-224469 08/08/2015 1 60.00 08/08/2015 Hindi Books

© Delhi Public Library
Hit Counter
free hit counter